Third Eye Lyrics (Florence + the Machine) - Statistics

General Stats
  • This quiz has been taken 101 times
  • The average score is 375 of 423
Answer Stats
Lyrics % Correct
a
100%
can
100%
eye
100%
I
100%
it
100%
see
100%
third
100%
and
98%
my
98%
the
98%
with
98%
you
98%
there
97%
your
97%
be
95%
oh
95%
to
95%
don't
94%
look
94%
cause
92%
here
92%
how
92%
lifeline
92%
That
92%
that
92%
there's
92%
up
92%
why
92%
am
91%
are
91%
have
91%
heart
91%
hey
91%
in
91%
know
91%
living
91%
where
91%
of
89%
original
89%
touch
89%
ghost
88%
given
88%
loved
88%
what
88%
deserve
86%
hole
86%
is
86%
lies
86%
much?
86%
away
83%
I'm
83%
creation
81%
make
81%
shadow
81%
yourself
81%
flesh
80%
magnifies
80%
only
80%
out
80%
own
80%
pull
80%
amongst
78%
light
78%
change
77%
same
77%
thing
77%
always
75%
blood
75%
like
75%
pain
75%
remind
75%
trying
75%
caught
73%
though
73%
shutting
69%
tore
67%
let
66%
tribute
59%
now
56%
wear
52%
but
44%
open
42%
hold
34%
mantle
34%
No matching quizzes found
Score Distribution
Percent of People with Each Score
Percentile by Number Answered
Your Score History
You have not taken this quiz